[Event "27. ekipno prvenstvo RH - I.B"]
[Site "Biograd, Hotel Adria"]
[Date "2018.09.18"]
[Round "4.52"]
[White "Nikcevic, Nebojsa"]
[Black "Seyb, Alexander"]
[Result "0-1"]
[WhiteElo "2428"]
[BlackElo "2388"]
[PlyCount "118"]
[EventDate "2018.09.15"]
[WhiteTeam "ŠK ŠIBENIK Šibenik"]
[BlackTeam "ŠK BRDA Split"]

1. c4 g6 2. Nf3 Bg7 3. e4 e5 4. d4 exd4 5. Nxd4 Nf6 6. Nc3 O-O 7. Bg5 Re8 8.
Be2 h6 9. Bxf6 Qxf6 10. Nc2 Qg5 11. Bf3 Bxc3+ 12. bxc3 d6 13. O-O Na6 14. Nb4
Nxb4 15. cxb4 a5 16. a3 Be6 17. Qc2 Qe5 18. b5 Rad8 19. Rac1 b6 20. Qd2 Kg7 21.
Rfe1 f6 22. Re3 Bf7 23. g3 h5 24. Rcc3 h4 25. Bg2 hxg3 26. Rxg3 Rh8 27. f4 Qc5+
28. Kh1 Rh4 29. h3 Rdh8 30. Kh2 Kf8 31. Bf1 R8h6 32. Rcf3 R4h5 33. Qc3 Ke7 34.
Re3 g5 35. f5 Rh4 36. Kg2 Rf4 37. Rg4 Rh4 38. Rxh4 Rxh4 39. Be2 Rh8 40. Rg3 Qe5
41. Qxe5+ dxe5 42. c5 Rd8 43. cxb6 cxb6 44. Rc3 Be8 45. Rc7+ Rd7 46. Rc6 Rd2
47. Re6+ Kd7 48. Kf1 Rd6 49. Bc4 Rxe6 50. fxe6+ Ke7 51. Kf2 Bg6 52. Kf3 f5 53.
Kg3 fxe4 54. Kg4 Kf6 55. e7 Bf5+ 56. Kh5 Kxe7 57. Kxg5 Bxh3 58. Be2 Kd6 59. Kf6
Bg2 0-1

[Event "27. ekipno prvenstvo RH - I.B"]
[Site "Biograd, Hotel Adria"]
[Date "2018.09.18"]
[Round "4.53"]
[White "Rade, Miroslav"]
[Black "Matkovic, Tonci"]
[Result "1/2-1/2"]
[WhiteElo "2395"]
[BlackElo "2274"]
[PlyCount "125"]
[EventDate "2018.09.15"]
[WhiteTeam "ŠK BRDA Split"]
[BlackTeam "ŠK ŠIBENIK Šibenik"]

1. e4 e5 2. Nf3 Nc6 3. Bb5 a6 4. Ba4 Nf6 5. O-O Be7 6. Re1 b5 7. Bb3 d6 8. c3
O-O 9. h3 Na5 10. Bc2 c5 11. d4 Qc7 12. Nbd2 cxd4 13. cxd4 Nc6 14. Nb3 a5 15.
Be3 Nb4 16. Bb1 a4 17. Nbd2 Bd7 18. a3 Nc6 19. Bd3 Na5 20. Qe2 Qb8 21. Rec1 Re8
22. Rc2 Bd8 23. dxe5 dxe5 24. Bc5 h6 25. Kh2 Ra6 26. Rb1 Be7 27. Bxe7 Rxe7 28.
b4 axb3 29. Nxb3 Nxb3 30. Rxb3 Qa8 31. Rcc3 Ra5 32. Qe3 Re8 33. Nd2 Rb8 34. Be2
Qa6 35. Rb4 Qd6 36. Qd3 Qf8 37. Qb1 Rba8 38. Qb2 Qd6 39. Rd3 Qc5 40. Nb3 Qxf2
41. Rf3 Qh4 42. Nxa5 Rxa5 43. Kg1 Ra4 44. Rxa4 bxa4 45. Qb8+ Kh7 46. Qxe5 Qe1+
47. Bf1 Be6 48. Kh2 Nd7 49. Qc3 Qd1 50. Rg3 f6 51. Bc4 Qd6 52. Bxe6 Qxe6 53.
Qd4 h5 54. Rc3 Ne5 55. Qxa4 Ng4+ 56. hxg4 Qe5+ 57. g3 Qxc3 58. gxh5 Qd2+ 59.
Kh3 Qe2 60. Qe8 Qf1+ 61. Kh4 Qh1+ 62. Kg4 Qd1+ 63. Kf4 1/2-1/2

[Event "27. ekipno prvenstvo RH - I.B"]
[Site "Biograd, Hotel Adria"]
[Date "2018.09.18"]
[Round "4.54"]
[White "Vlaic, Branko"]
[Black "Muha, Miljenko"]
[Result "1/2-1/2"]
[WhiteElo "2246"]
[BlackElo "2364"]
[PlyCount "76"]
[EventDate "2018.09.15"]
[WhiteTeam "ŠK ŠIBENIK Šibenik"]
[BlackTeam "ŠK BRDA Split"]

1. Nf3 d5 2. d4 Nf6 3. Bf4 c5 4. e3 Nc6 5. Nbd2 cxd4 6. exd4 Bg4 7. c3 e6 8.
Qb3 Bd6 9. Bxd6 Qxd6 10. Bd3 O-O 11. O-O Nh5 12. Qc2 h6 13. h3 Bxf3 14. Nxf3
Nf4 15. Qd2 Nxd3 16. Qxd3 Rab8 17. Rae1 b5 18. a3 a5 19. Ne5 Nxe5 20. dxe5 Qb6
21. Re3 Rfc8 22. Kh2 b4 23. axb4 axb4 24. f4 bxc3 25. bxc3 Qb5 26. Qd1 Qb3 27.
Qf3 Rc7 28. f5 exf5 29. Qxf5 d4 30. Ree1 Qxc3 31. e6 fxe6 32. Rxe6 Rd8 33. Rxh6
gxh6 34. Qe6+ Kg7 35. Qf6+ Kh7 36. Qf5+ Kg7 37. Qf6+ Kh7 38. Qf5+ Kg8 1/2-1/2

[Event "27. ekipno prvenstvo RH - I.B"]
[Site "Biograd, Hotel Adria"]
[Date "2018.09.18"]
[Round "4.55"]
[White "Ivic, Mateo"]
[Black "Malenica, Mario"]
[Result "0-1"]
[WhiteElo "2223"]
[BlackElo "2212"]
[PlyCount "80"]
[EventDate "2018.09.15"]
[WhiteTeam "ŠK BRDA Split"]
[BlackTeam "ŠK ŠIBENIK Šibenik"]

1. e4 c5 2. Nf3 g6 3. d4 cxd4 4. c3 Bg7 5. Bc4 Nc6 6. cxd4 e6 7. Nc3 Nge7 8. d5
Ne5 9. Nxe5 Bxe5 10. O-O Qc7 11. Bb3 a6 12. Bg5 h6 13. Bxe7 Kxe7 14. g3 b5 15.
Rc1 Qb6 16. Kg2 Bb7 17. Qd3 Rac8 18. Rfd1 Rhd8 19. f4 Bg7 20. Kh3 Kf8 21. Rc2
a5 22. a3 Ba6 23. Qd2 b4 24. Na4 Qb5 25. Rxc8 Rxc8 26. axb4 Qxb4 27. Qxb4+ axb4
28. e5 Ke7 29. Nb6 Rb8 30. dxe6 dxe6 31. Rd7+ Kf8 32. Rd6 Bf1+ 33. Kh4 Kg8 34.
Nd7 Rd8 35. g4 Bb5 36. Nc5 Rxd6 37. exd6 Kf8 38. f5 Bd4 39. Ne4 gxf5 40. gxf5
exf5 0-1

[Event "27. ekipno prvenstvo RH - I.B"]
[Site "Biograd, Hotel Adria"]
[Date "2018.09.18"]
[Round "4.56"]
[White "Grgurevic, Boris"]
[Black "Susak, Zeljko"]
[Result "1-0"]
[WhiteElo "2145"]
[BlackElo "2200"]
[PlyCount "168"]
[EventDate "2018.09.15"]
[WhiteTeam "ŠK ŠIBENIK Šibenik"]
[BlackTeam "ŠK BRDA Split"]

1. e4 c5 2. Nf3 Nc6 3. c3 d5 4. exd5 Qxd5 5. d4 e6 6. Be2 Nf6 7. Na3 cxd4 8.
Nb5 Qd8 9. Nbxd4 Nxd4 10. Qxd4 Qxd4 11. Nxd4 a6 12. Bg5 Bd6 13. O-O-O Bc7 14.
Bf3 O-O 15. g3 h6 16. Bxf6 gxf6 17. Nc2 Rb8 18. Rd2 Rd8 19. Rhd1 Rxd2 20. Rxd2
Kf8 21. c4 Ke7 22. b3 Bd7 23. Bg2 Bd6 24. Ne3 b5 25. Kb2 Bc5 26. cxb5 axb5 27.
Ng4 Rd8 28. Ne3 f5 29. Nc2 Rc8 30. b4 Bd6 31. f4 e5 32. fxe5 Bxe5+ 33. Kb1 Be6
34. Nd4 Rc4 35. Nc6+ Kf6 36. a3 Rc3 37. Nxe5 Kxe5 38. Bf1 Rxa3 39. Bxb5 Rb3+
40. Rb2 Re3 41. Bc6 Kd6 42. b5 Kc7 43. Kc1 Kb6 44. Kd2 Ra3 45. Ke1 Re3+ 46. Kf2
Rd3 47. Kg2 Bc4 48. Rf2 Be6 49. Rf4 Rd2+ 50. Rf2 Rd3 51. Kf1 Re3 52. Rf4 Bc8
53. Rh4 Re6 54. Kf2 Rg6 55. Kf3 Kc5 56. h3 Be6 57. Ra4 Rg8 58. Kf4 Rd8 59. Ra3
Rg8 60. Ke5 Rg6 61. Rc3+ Kb6 62. Be8 Rg8 63. Bc6 Rg6 64. Kf4 Rg8 65. Ra3 Rd8
66. Ke5 Rg8 67. Kd6 Rd8+ 68. Ke7 Rg8 69. Be8 Rg5 70. Bxf7 Bxf7 71. Kxf7 Kxb5
72. Kf6 Kc5 73. h4 Rg8 74. Kxf5 Kd6 75. Re3 h5 76. Re6+ Kd7 77. Rg6 Rh8 78.
Rg7+ Kd6 79. Kg6 Ke5 80. Kg5 Ke4 81. Kf6 Rf8+ 82. Kg6 Rh8 83. Kf7 Kf3 84. Rg5
Rh6 1-0

[Event "27. ekipno prvenstvo RH - I.B"]
[Site "Biograd, Hotel Adria"]
[Date "2018.09.19"]
[Round "5.11"]
[White "Pap, Misa"]
[Black "Sedlak, Nikola"]
[Result "1/2-1/2"]
[WhiteElo "2482"]
[BlackElo "2587"]
[PlyCount "83"]
[EventDate "2018.09.15"]
[WhiteTeam "ŠK ŠIBENIK Šibenik"]
[BlackTeam "ŠK STRIDON Štrigova"]

1. e4 c6 2. d4 d5 3. Nd2 dxe4 4. Nxe4 Nf6 5. Nxf6+ exf6 6. c3 Bd6 7. Bd3 O-O 8.
Qc2 Re8+ 9. Ne2 h5 10. O-O h4 11. h3 Nd7 12. Be3 Nf8 13. Qd2 Be6 14. Rfe1 Qd7
15. Bf4 Be7 16. Be3 Rad8 17. Nf4 Bd6 18. Nxe6 Nxe6 19. Qd1 g6 20. Qg4 Nf4 21.
Qxd7 Rxd7 22. Bf1 Nd5 23. Bd2 Red8 24. Red1 Bf4 25. Be1 f5 26. Be2 Nf6 27. Bd2
Bxd2 28. Rxd2 c5 29. Rad1 Kf8 30. Kf1 Ne4 31. Rd3 cxd4 32. Rxd4 Rxd4 33. Rxd4
Rxd4 34. cxd4 f4 35. Ke1 Ke7 36. f3 Nd6 37. Bd3 Ke6 38. Kd2 g5 39. Kc3 Kd5 40.
b4 b6 41. a4 f6 42. Bh7 1/2-1/2

[Event "27. ekipno prvenstvo RH - I.B"]
[Site "Biograd, Hotel Adria"]
[Date "2018.09.19"]
[Round "5.12"]
[White "Nemeth, Miklos"]
[Black "Nikcevic, Nebojsa"]
[Result "1/2-1/2"]
[WhiteElo "2477"]
[BlackElo "2428"]
[PlyCount "35"]
[EventDate "2018.09.15"]
[WhiteTeam "ŠK STRIDON Štrigova"]
[BlackTeam "ŠK ŠIBENIK Šibenik"]

1. e4 e5 2. Nf3 Nf6 3. Nxe5 d6 4. Nf3 Nxe4 5. Nc3 Nxc3 6. dxc3 Be7 7. Be3 Nc6
8. Qd3 O-O 9. O-O-O Be6 10. Nd4 Nxd4 11. cxd4 d5 12. h3 Qd7 13. Be2 b6 14. Bf4
Rfd8 15. Bg4 Bd6 16. Qg3 Bxf4+ 17. Qxf4 Re8 18. Rde1 1/2-1/2

[Event "27. ekipno prvenstvo RH - I.B"]
[Site "Biograd, Hotel Adria"]
[Date "2018.09.19"]
[Round "5.13"]
[White "Matkovic, Tonci"]
[Black "Krstic, Uros"]
[Result "0-1"]
[WhiteElo "2274"]
[BlackElo "2364"]
[PlyCount "120"]
[EventDate "2018.09.15"]
[WhiteTeam "ŠK ŠIBENIK Šibenik"]
[BlackTeam "ŠK STRIDON Štrigova"]

1. e4 c6 2. d4 d5 3. Nc3 dxe4 4. Nxe4 Nf6 5. Nxf6+ exf6 6. Nf3 Bd6 7. Be2 O-O
8. O-O Re8 9. Re1 Nd7 10. Be3 Nf8 11. c4 Bg4 12. Nd2 Bxe2 13. Rxe2 Qc7 14. Nf1
Rad8 15. Qc2 Qc8 16. a3 f5 17. f3 Be7 18. Rd1 Bf6 19. Red2 b6 20. b4 Re7 21.
Qb3 Rc7 22. Bf4 Rcd7 23. Be3 g6 24. d5 cxd5 25. Rxd5 Rxd5 26. Rxd5 Rxd5 27.
cxd5 Be5 28. f4 Qc3 29. Nd2 Qa1+ 30. Kf2 Bc3 31. a4 Nd7 32. Nb1 Bd4 33. d6 Nf6
34. Kf3 Kf8 35. Qc2 Bxe3 36. Kxe3 Nd5+ 37. Kf3 Qd4 38. Qd2 Qe4+ 39. Kf2 Qxf4+
40. Qxf4 Nxf4 41. Ke3 Nd5+ 42. Kd4 Nxb4 43. Kc4 Nc6 44. Kd5 Nd8 45. Na3 a6 46.
Nc2 Ke8 47. Nb4 a5 48. Nc6 f6 49. Ne7 f4 50. Nc8 b5 51. axb5 a4 52. d7+ Kf7 53.
Nd6+ Ke7 54. Nc8+ Kf8 55. Kd6 a3 56. Kc7 a2 57. Kxd8 a1=Q 58. Kc7 Qc3+ 59. Kd6
Qd4+ 60. Kc6 Kf7 0-1

[Event "27. ekipno prvenstvo RH - I.B"]
[Site "Biograd, Hotel Adria"]
[Date "2018.09.19"]
[Round "5.14"]
[White "Vernacki, Srdjan"]
[Black "Vlaic, Branko"]
[Result "0-1"]
[WhiteElo "2357"]
[BlackElo "2246"]
[PlyCount "80"]
[EventDate "2018.09.15"]
[WhiteTeam "ŠK STRIDON Štrigova"]
[BlackTeam "ŠK ŠIBENIK Šibenik"]

1. Nf3 d5 2. g3 Nf6 3. Bg2 Bg4 4. d3 Nbd7 5. Nbd2 e5 6. h3 Bh5 7. g4 Bg6 8. Nh4
c6 9. c4 Nc5 10. Nxg6 hxg6 11. cxd5 cxd5 12. Nb3 Ne6 13. e3 Rc8 14. Bd2 g5 15.
Rc1 Bd6 16. Qe2 Rxc1+ 17. Bxc1 Qd7 18. Bd2 Qa4 19. Nc1 O-O 20. Qd1 Qa6 21. h4
e4 22. hxg5 Nxg5 23. Bc3 Be7 24. Qe2 Qe6 25. Rh4 Nd7 26. Rh5 Ne5 27. dxe4 dxe4
28. Bxe4 g6 29. Rxg5 Bxg5 30. Nd3 Nxd3+ 31. Bxd3 Bf6 32. Bxf6 Qxf6 33. Be4 Rc8
34. Qb5 b6 35. Ke2 Qe6 36. f3 Qxa2 37. Bd5 Qb1 38. Bxf7+ Kg7 39. Kf2 Qc2+ 40.
Kg3 Qc7+ 0-1

[Event "27. ekipno prvenstvo RH - I.B"]
[Site "Biograd, Hotel Adria"]
[Date "2018.09.19"]
[Round "5.15"]
[White "Malenica, Mario"]
[Black "Trbojevic, Mladen"]
[Result "1/2-1/2"]
[WhiteElo "2212"]
[BlackElo "2353"]
[PlyCount "152"]
[EventDate "2018.09.15"]
[WhiteTeam "ŠK ŠIBENIK Šibenik"]
[BlackTeam "ŠK STRIDON Štrigova"]

1. c4 e5 2. Nc3 Nf6 3. g3 c6 4. Nf3 e4 5. Nd4 Qb6 6. e3 d5 7. Qc2 Bd7 8. a3 Be7
9. b4 O-O 10. Bb2 a5 11. c5 Qd8 12. f3 exf3 13. Nxf3 Na6 14. Bxa6 Rxa6 15. O-O
Bh3 16. Rf2 Ng4 17. Re2 Bf6 18. b5 Ra8 19. bxc6 bxc6 20. Na4 Rb8 21. Nb6 Re8
22. Rb1 d4 23. Qd3 dxe3 24. Qxd8 Rbxd8 25. Bxf6 exd2 26. Rxe8+ Rxe8 27. Bd4 Re2
28. Rd1 Nxh2 29. Nxd2 Rxd2 30. Rxd2 Nf3+ 31. Kf2 Nxd2 32. Ke2 Ne4 33. Kf3 f5
34. Nc4 a4 35. Nb2 Bg4+ 36. Kg2 Nd2 37. Nxa4 Nc4 38. Nb6 Nxa3 39. Nd7 Nb5 40.
Bb2 Bd1 41. Ne5 Bc2 42. Kf2 Be4 43. Ke3 Nc7 44. g4 Nd5+ 45. Kd4 Ne7 46. Bc1 h6
47. g5 h5 48. Bf4 h4 49. Bh2 Kh7 50. Ke3 Nd5+ 51. Kd4 Nc7 52. g6+ Kg8 53. Nd7
Ne6+ 54. Ke3 Bd5 55. Bd6 h3 56. Kf2 f4 57. Kg1 Nd4 58. Nb6 Be4 59. Kh2 f3 60.
Bg3 Bf5 61. Nc4 Ne6 62. Ne5 Be4 63. Bf2 Ng5 64. Be3 Bd5 65. Ng4 Ne4 66. Nf2 Nc3
67. Nxh3 Nd1 68. Bd4 Be6 69. Nf2 Nxf2 70. Bxf2 Bf5 71. Kg3 Be4 72. Bd4 Kf8 73.
Kf4 Bd5 74. Kg3 Be4 75. Kf4 Bxg6 76. Kxf3 Kf7 1/2-1/2

[Event "27. ekipno prvenstvo RH - I.B"]
[Site "Biograd, Hotel Adria"]
[Date "2018.09.19"]
[Round "5.16"]
[White "Horvat, David"]
[Black "Grgurevic, Boris"]
[Result "1/2-1/2"]
[WhiteElo "2212"]
[BlackElo "2145"]
[PlyCount "25"]
[EventDate "2018.09.15"]
[WhiteTeam "ŠK STRIDON Štrigova"]
[BlackTeam "ŠK ŠIBENIK Šibenik"]

1. e4 g6 2. d4 Bg7 3. Nc3 d6 4. Be3 Nf6 5. h3 c6 6. Nf3 O-O 7. Bd3 Re8 8. O-O
e5 9. dxe5 dxe5 10. a4 Qc7 11. a5 Nbd7 12. Na4 Nf8 13. Nc5 1/2-1/2

[Event "27. ekipno prvenstvo RH - I.B"]
[Site "Biograd, Hotel Adria"]
[Date "2018.09.19"]
[Round "5.21"]
[White "Brkic, Ante"]
[Black "Sprenger, Jan Michael"]
[Result "1/2-1/2"]
[WhiteElo "2565"]
[BlackElo "2490"]
[PlyCount "96"]
[EventDate "2018.09.15"]
[WhiteTeam "ŠK VINKOVCI Vinkovci"]
[BlackTeam "ŠK BRDA Split"]

1. e4 c5 2. Nf3 d6 3. d4 cxd4 4. Nxd4 Nf6 5. Nc3 Nc6 6. Bg5 e6 7. Qd2 Qb6 8.
Bxf6 gxf6 9. Nb3 a6 10. O-O-O Bd7 11. f4 O-O-O 12. Be2 h5 13. Rhf1 Kb8 14. Kb1
Ne7 15. f5 Nc6 16. fxe6 fxe6 17. Rxf6 Ne5 18. Nd4 Bg7 19. Rxe6 Bxe6 20. Nxe6
Rd7 21. Nd5 Qf2 22. Nd4 Ng4 23. Nf5 Be5 24. h3 Nf6 25. Bf3 Qxd2 26. Rxd2 Nxd5
27. Rxd5 h4 28. a4 Rdd8 29. c3 Kc7 30. Kc2 Bf6 31. Ne3 Be5 32. Rd3 Rdf8 33.
Nd5+ Kb8 34. a5 Rh7 35. b4 Rg7 36. Kb3 Rff7 37. c4 Kc8 38. c5 dxc5 39. bxc5 Rg3
40. Kc4 Rfg7 41. Nb6+ Kc7 42. Rd5 R3g5 43. Na8+ Kb8 44. Rd8+ Ka7 45. Nb6 Rg8
46. Rd7 R8g7 47. Rd8 Rg8 48. Rd5 Bg3 1/2-1/2

[Event "27. ekipno prvenstvo RH - I.B"]
[Site "Biograd, Hotel Adria"]
[Date "2018.09.19"]
[Round "5.22"]
[White "Seyb, Alexander"]
[Black "Kadric, Denis"]
[Result "1/2-1/2"]
[WhiteElo "2388"]
[BlackElo "2543"]
[PlyCount "40"]
[EventDate "2018.09.15"]
[WhiteTeam "ŠK BRDA Split"]
[BlackTeam "ŠK VINKOVCI Vinkovci"]

1. e4 Nc6 2. Nf3 d6 3. d4 Nf6 4. Nc3 g6 5. Bb5 a6 6. Bxc6+ bxc6 7. O-O Bg7 8.
Re1 O-O 9. Bg5 h6 10. Be3 Rb8 11. Rb1 Nd7 12. Qd2 Kh7 13. h3 e6 14. b3 Bb7 15.
Rbd1 Qe7 16. Na4 e5 17. c4 exd4 18. Bxd4 Bxd4 19. Qxd4 c5 20. Qd3 Rbe8 1/2-1/2

[Event "27. ekipno prvenstvo RH - I.B"]
[Site "Biograd, Hotel Adria"]
[Date "2018.09.19"]
[Round "5.23"]
[White "Maier, Christian"]
[Black "Rade, Miroslav"]
[Result "1/2-1/2"]
[WhiteElo "2357"]
[BlackElo "2395"]
[PlyCount "91"]
[EventDate "2018.09.15"]
[WhiteTeam "ŠK VINKOVCI Vinkovci"]
[BlackTeam "ŠK BRDA Split"]

1. e4 e5 2. Nf3 Nc6 3. Nc3 Nf6 4. d4 exd4 5. Nxd4 Bb4 6. Nxc6 bxc6 7. Bd3 O-O
8. O-O d5 9. exd5 cxd5 10. h3 Rb8 11. Qf3 Be6 12. Ne2 Re8 13. Bf4 Bd6 14. b3 c5
15. Rad1 Bxf4 16. Nxf4 Qa5 17. c4 d4 18. Bb1 Bc8 19. Qd3 g6 20. Qd2 Qb6 21.
Rfe1 Bd7 22. Rxe8+ Rxe8 23. Re1 Rxe1+ 24. Qxe1 Qd6 25. Qd2 Bc6 26. Ne2 Qe5 27.
f3 Bd7 28. Bd3 Kg7 29. Kf2 h6 30. Qf4 Qxf4 31. Nxf4 g5 32. Ne2 a5 33. g4 Kf8
34. a4 Ke7 35. Nc1 Kd6 36. Be4 h5 37. Ba8 hxg4 38. hxg4 Ng8 39. Be4 Nh6 40. Nd3
f6 41. Kg3 Be6 42. Nf2 Ke5 43. Nd3+ Kd6 44. Nf2 Ke5 45. Nd3+ Kd6 46. Nf2
1/2-1/2

[Event "27. ekipno prvenstvo RH - I.B"]
[Site "Biograd, Hotel Adria"]
[Date "2018.09.19"]
[Round "5.24"]
[White "Muha, Miljenko"]
[Black "Stocko, Josip"]
[Result "1-0"]
[WhiteElo "2364"]
[BlackElo "2322"]
[PlyCount "137"]
[EventDate "2018.09.15"]
[WhiteTeam "ŠK BRDA Split"]
[BlackTeam "ŠK VINKOVCI Vinkovci"]

1. d4 Nf6 2. Nf3 e6 3. c4 Bb4+ 4. Nbd2 O-O 5. g3 b6 6. Bg2 Bb7 7. O-O Re8 8. a3
Bf8 9. b4 d6 10. Bb2 Nbd7 11. Qc2 c5 12. e4 cxd4 13. Nxd4 Rc8 14. Qb3 a6 15.
Rae1 g6 16. Ne2 Bg7 17. f4 Qc7 18. h3 b5 19. Rc1 bxc4 20. Rxc4 Qb8 21. Rxc8
Rxc8 22. Bd4 Qa8 23. Qd3 a5 24. Rc1 Rxc1+ 25. Nxc1 axb4 26. axb4 d5 27. e5 Ne4
28. Nxe4 dxe4 29. Qb5 Bc6 30. Qa5 Qb7 31. Bf1 Bf8 32. b5 Bd5 33. Qd8 Kg7 34. b6
Qc6 35. Qc7 Bc5 36. Bxc5 Qxc5+ 37. Qxc5 Nxc5 38. Bb5 Kf8 39. Ne2 Ke7 40. Nc3
Bb7 41. Kf2 f5 42. exf6+ Kxf6 43. Ke3 e5 44. Bc4 g5 45. fxg5+ Kxg5 46. Bd5 Nd7
47. Nxe4+ Kg6 48. Bxb7 Nxb6 49. Nd2 Nd7 50. Be4+ Kg7 51. Bf5 Nf6 52. Nc4 Nh5
53. Kf2 h6 54. Bg4 Nf6 55. Nxe5 Ne4+ 56. Kf3 Ng5+ 57. Kf4 Nh7 58. Kf5 Nf6 59.
Bf3 Ne8 60. Ke6 Nc7+ 61. Ke7 Nb5 62. Nc6 Kg6 63. Be4+ Kg7 64. Nd8 Nc3 65. Ne6+
Kh8 66. Bf3 Kh7 67. Kf7 h5 68. h4 Kh6 69. Ng7 1-0

[Event "27. ekipno prvenstvo RH - I.B"]
[Site "Biograd, Hotel Adria"]
[Date "2018.09.19"]
[Round "5.25"]
[White "Pucovski, Miroslav"]
[Black "Krnic, Ivan"]
[Result "1-0"]
[WhiteElo "2241"]
[BlackElo "2116"]
[PlyCount "129"]
[EventDate "2018.09.15"]
[WhiteTeam "ŠK VINKOVCI Vinkovci"]
[BlackTeam "ŠK BRDA Split"]

1. e4 g6 2. d4 Bg7 3. c3 d5 4. exd5 Nf6 5. Nf3 Nxd5 6. Be2 O-O 7. O-O Nd7 8.
Bc4 N7f6 9. Re1 c6 10. Nbd2 Re8 11. Bb3 e6 12. Ne5 Nd7 13. Ndf3 Nxe5 14. dxe5
Qc7 15. Qe2 b6 16. Qe4 Bb7 17. Qh4 c5 18. Ba4 Rf8 19. Bg5 c4 20. Rad1 a6 21.
Bh6 Bxh6 22. Qxh6 f6 23. exf6 Rxf6 24. Ng5 Qe7 25. Rd4 Raf8 26. f3 b5 27. Bc2
Nf4 28. Be4 Bc8 29. Bc2 Qg7 30. Qxg7+ Kxg7 31. Ne4 e5 32. Rd6 Rxd6 33. Nxd6 Rd8
34. Nxc8 Rxc8 35. g3 Ne6 36. Rxe5 Kf6 37. Rd5 Rc6 38. Kf2 Nc5 39. Be4 Rc7 40.
Rd6+ Ke5 41. Rd5+ Ke6 42. Rd2 Ke5 43. Bc2 Rf7 44. h4 Rc7 45. Ke3 a5 46. f4+ Ke6
47. h5 gxh5 48. Rh2 Rg7 49. Rxh5 Nd3 50. Rh3 Nxb2 51. Bxh7 Nd1+ 52. Kd4 Rd7+
53. Kc5 Nxc3 54. Rh6+ Ke7 55. Rh2 Kf6 56. g4 Rd5+ 57. Kc6 Rd4 58. g5+ Kg7 59.
f5 b4 60. f6+ Kf7 61. Rf2 Ke6 62. Bg8+ Ke5 63. f7 Rd6+ 64. Kb7 Rd7+ 65. Ka6 1-0

[Event "27. ekipno prvenstvo RH - I.B"]
[Site "Biograd, Hotel Adria"]
[Date "2018.09.19"]
[Round "5.26"]
[White "Curic, Drazen"]
[Black "Bubalovic, Davorin"]
[Result "0-1"]
[WhiteElo "2133"]
[BlackElo "2206"]
[PlyCount "90"]
[EventDate "2018.09.15"]
[WhiteTeam "ŠK BRDA Split"]
[BlackTeam "ŠK VINKOVCI Vinkovci"]

1. e4 c5 2. Nf3 e6 3. c3 Nf6 4. e5 Nd5 5. d4 cxd4 6. cxd4 d6 7. Nc3 Nxc3 8.
bxc3 Be7 9. Bd3 Nc6 10. O-O dxe5 11. dxe5 Qc7 12. Qe2 b6 13. a4 Bb7 14. a5 Nxa5
15. Ra4 Bc6 16. Rg4 g6 17. Ng5 Nb3 18. Bf4 Nc5 19. Bc4 Rd8 20. h4 h6 21. Nf3 h5
22. Rg3 Ne4 23. Nd4 Nxg3 24. Bxg3 Rxd4 25. cxd4 Qd7 26. Qe3 O-O 27. Rd1 Bd5 28.
Bxd5 Qxd5 29. Rc1 Qd7 30. f4 Rc8 31. Rd1 b5 32. Kh2 Qd5 33. Ra1 Rc2 34. Bf2 Rc7
35. f5 exf5 36. Ra6 Qb7 37. Ra1 Qc6 38. Qb3 Rd7 39. Qe3 b4 40. Rc1 Qe4 41. Qh6
b3 42. Re1 Bf8 43. Qc1 Qc2 44. Qxc2 bxc2 45. Be3 Ba3 0-1

[Event "27. ekipno prvenstvo RH - I.B"]
[Site "Biograd, Hotel Adria"]
[Date "2018.09.19"]
[Round "5.31"]
[White "Saric, Ante"]
[Black "Livaic, Leon"]
[Result "1/2-1/2"]
[WhiteElo "2535"]
[BlackElo "2483"]
[PlyCount "21"]
[EventDate "2018.09.15"]
[WhiteTeam "ŠK MORNAR Split"]
[BlackTeam "HAŠK MLADOST Zagreb"]

1. c4 e6 2. Nc3 d5 3. d4 Nf6 4. Nf3 Nbd7 5. cxd5 exd5 6. Bg5 c6 7. e3 Be7 8.
Bd3 Nh5 9. Bxe7 Qxe7 10. O-O O-O 11. Qc2 1/2-1/2

[Event "27. ekipno prvenstvo RH - I.B"]
[Site "Biograd, Hotel Adria"]
[Date "2018.09.19"]
[Round "5.41"]
[White "Medvegy, Zoltan"]
[Black "Ruck, Robert"]
[Result "1/2-1/2"]
[WhiteElo "2543"]
[BlackElo "2502"]
[PlyCount "49"]
[EventDate "2018.09.15"]
[WhiteTeam "ŠK GORAN Bibinje"]
[BlackTeam "ŠK ĐURO ĐAKOVIĆ Slavonski Brod"]

1. Nf3 d5 2. g3 c6 3. Bg2 Bg4 4. O-O Nd7 5. d4 Ngf6 6. Nbd2 e6 7. c3 Be7 8. Re1
O-O 9. e4 dxe4 10. Nxe4 Nxe4 11. Rxe4 Bxf3 12. Qxf3 Bg5 13. Bxg5 Qxg5 14. h4
Qb5 15. Qe2 Qb6 16. Bf3 Nf6 17. Re5 Nd7 18. Re4 Nf6 19. Re5 Nd7 20. Re3 Rad8
21. Kg2 Nf6 22. Re1 Rd6 23. Re5 Nd7 24. Re3 Nf6 25. Re5 1/2-1/2

[Event "27. ekipno prvenstvo RH - I.B"]
[Site "Biograd, Hotel Adria"]
[Date "2018.09.19"]
[Round "5.42"]
[White "Horvath, Adam"]
[Black "Rezan, Sasa"]
[Result "1-0"]
[WhiteElo "2481"]
[BlackElo "2436"]
[PlyCount "65"]
[EventDate "2018.09.15"]
[WhiteTeam "ŠK ĐURO ĐAKOVIĆ Slavonski Brod"]
[BlackTeam "ŠK GORAN Bibinje"]

1. e4 c5 2. Nf3 d6 3. d4 cxd4 4. Nxd4 Nf6 5. Nc3 a6 6. h3 e6 7. g4 Nfd7 8. Bg2
Be7 9. Be3 Nc6 10. h4 O-O 11. g5 Nde5 12. Qe2 b5 13. Nxc6 Nxc6 14. f4 Bd7 15.
Qf2 Rb8 16. O-O-O Qa5 17. Kb1 Rfc8 18. Rh3 Nb4 19. Bd2 Qc7 20. f5 Bf8 21. g6
Be8 22. h5 Nxc2 23. gxh7+ Kh8 24. Kxc2 b4 25. Kb1 bxc3 26. Bxc3 e5 27. h6 gxh6
28. Rg3 Kxh7 29. f6 Bd7 30. Bh3 Bxh3 31. Rxh3 Qd7 32. Qg2 Rxc3 33. Rxc3 1-0

[Event "27. ekipno prvenstvo RH - I.B"]
[Site "Biograd, Hotel Adria"]
[Date "2018.09.19"]
[Round "5.43"]
[White "Bilobrk, Franjo"]
[Black "Dabo-Peranic, Robert"]
[Result "1-0"]
[WhiteElo "2360"]
[BlackElo "2284"]
[PlyCount "81"]
[EventDate "2018.09.15"]
[WhiteTeam "ŠK GORAN Bibinje"]
[BlackTeam "ŠK ĐURO ĐAKOVIĆ Slavonski Brod"]

1. d4 d5 2. c4 dxc4 3. Nf3 Nf6 4. e3 e6 5. Bxc4 c5 6. O-O Nc6 7. Nc3 a6 8. a4
Be7 9. d5 exd5 10. Nxd5 O-O 11. Nxe7+ Qxe7 12. h3 Bf5 13. Bd2 Rad8 14. Qe2 Nd5
15. Rfd1 Ndb4 16. Bc3 Bc2 17. Rxd8 Rxd8 18. Ne1 Be4 19. Qg4 g6 20. Qf4 Nd5 21.
Bxd5 Rxd5 22. f3 Bd3 23. e4 Rd6 24. Qe3 c4 25. Rd1 Qd7 26. Kf2 f5 27. Nxd3 cxd3
28. exf5 gxf5 29. a5 h6 30. g4 Kh7 31. gxf5 Qxf5 32. Qe4 Qxe4 33. fxe4 Kg6 34.
Ke3 Kh5 35. Rxd3 Rg6 36. Kf4 Rg1 37. Kf5 Rg5+ 38. Kf6 Rg6+ 39. Kf7 Rg2 40. Bf6
Rf2 41. Rd5+ 1-0

[Event "27. ekipno prvenstvo RH - I.B"]
[Site "Biograd, Hotel Adria"]
[Date "2018.09.19"]
[Round "5.44"]
[White "Martic, Zlatko"]
[Black "Sinanovic, Muhamed"]
[Result "1-0"]
[WhiteElo "2244"]
[BlackElo "2339"]
[PlyCount "109"]
[EventDate "2018.09.15"]
[WhiteTeam "ŠK ĐURO ĐAKOVIĆ Slavonski Brod"]
[BlackTeam "ŠK GORAN Bibinje"]

1. d4 e6 2. Nf3 Nf6 3. c4 Bb4+ 4. Nbd2 O-O 5. a3 Be7 6. e4 d6 7. Be2 Nfd7 8.
Qc2 e5 9. d5 a5 10. Nb1 Nc5 11. Be3 Nba6 12. Bd3 a4 13. Nc3 Nb3 14. Rd1 Nac5
15. O-O Bg4 16. Be2 Bd7 17. Bd3 h6 18. Nd2 Bg5 19. Nxb3 Nxb3 20. Qe2 b6 21. Bc2
Nc5 22. Rde1 Bxe3 23. Qxe3 Qg5 24. Qxg5 hxg5 25. Re3 g6 26. h3 Kg7 27. f3 Rh8
28. Bd1 Rh4 29. Rf2 f5 30. Rd2 Rah8 31. Re1 Kf6 32. Kf2 Ke7 33. Kg3 Kd8 34. Kf2
Kc8 35. Kg3 Kb7 36. Kf2 Ka6 37. Kg3 Rf8 38. Ree2 Ka5 39. Re1 Rf7 40. Kh2 Bc8
41. Nxa4 Nd7 42. Nc3 Nf6 43. Kg1 Rfh7 44. b4+ Ka6 45. c5 g4 46. fxg4 fxg4 47.
Rf1 Nh5 48. Rf8 gxh3 49. Bxh5 hxg2 50. Rxc8 R4xh5 51. c6 b5 52. Rxg2 Rh3 53.
Rxg6 Rxc3 54. Rgg8 Rc1+ 55. Kg2 1-0

[Event "27. ekipno prvenstvo RH - I.B"]
[Site "Biograd, Hotel Adria"]
[Date "2018.09.19"]
[Round "5.45"]
[White "Biliskov, Vjekoslav"]
[Black "Rubil, Marko"]
[Result "1-0"]
[WhiteElo "2292"]
[BlackElo "2213"]
[PlyCount "55"]
[EventDate "2018.09.15"]
[WhiteTeam "ŠK GORAN Bibinje"]
[BlackTeam "ŠK ĐURO ĐAKOVIĆ Slavonski Brod"]

1. d4 Nf6 2. c4 g6 3. Nc3 Bg7 4. e4 d6 5. Nge2 O-O 6. Ng3 e5 7. d5 a5 8. Be2
Na6 9. h4 Qe8 10. h5 Nd7 11. Be3 Ndc5 12. Qd2 Nb4 13. Bh6 Bxh6 14. Qxh6 Qe7 15.
Qd2 Bd7 16. O-O-O Nxa2+ 17. Kb1 Nb4 18. Rh2 Qf6 19. Rdh1 Qf4 20. Qe3 a4 21.
hxg6 hxg6 22. Qxf4 exf4 23. e5 dxe5 24. Nge4 Nxe4 25. Nxe4 f5 26. Rh8+ Kf7 27.
R1h7+ Ke8 28. Nf6+ 1-0